000 00317nam a22001337a 4500
008 171025b xxu||||| |||| 00| 0 eng d
020 _a9780135265260
041 _aeng
080 _23 ED
_a311
100 _a55
101 _aSTA
245 _aSTATISTICAL METHODS FOR SOCIAL SCIENCES
_cALAN.A
942 _2udc
_cBK
999 _c35948
_d35948